[Event "18e tournoi de Noël"]
[Site "Montigny le Bretonneux"]
[Date "2017.12.29"]
[Round "5.14"]
[White "Barbier, Guy"]
[Black "Boucher, Francis"]
[Result "1-0"]
[WhiteElo "1359"]
[BlackElo "1224"]
[Annotator "Rivier,Sylvain"]
[PlyCount "53"]
[EventDate "2017.??.??"]

{Défense française, variante Rubinstein} 1. e4 e6 2. d4 d5 3. Nc3 c5 4. Bb5+
Bd7 5. exd5 Bxb5 6. Nxb5 a6 7. Nc3 exd5 8. Qe2+ Qe7 9. Nxd5 Qxe2+ 10. Nxe2 Kd8
11. O-O Nd7 12. Bf4 Rc8 13. c3 Ne7 14. Ne3 Ng6 15. Bg3 cxd4 16. Nxd4 Bc5 17.
Rad1 Re8 18. Nef5 Bf8 19. Bd6 Nge5 20. Bxf8 Rxf8 21. Nxg7 Kc7 22. Ndf5 Rcd8 23.
h4 b5 24. b3 Kc6 25. Rd6+ Kc5 26. Rfd1 f6 27. R1d5# 1-0

[Event "18e tournoi de Noël"]
[Site "Montigny le Bretonneux"]
[Date "2017.12.29"]
[Round "5.15"]
[White "Jen, Jin-Xian-Koki"]
[Black "Thomas, Robert"]
[Result "1-0"]
[WhiteElo "1169"]
[BlackElo "1330"]
[Annotator "Rivier,Sylvain"]
[PlyCount "79"]
[EventDate "2017.??.??"]

{Défense sicilienne, variante Najdorf} 1. e4 c5 2. Nf3 d6 3. d4 cxd4 4. Nxd4
Nf6 5. Nc3 e5 6. Nf3 a6 7. Bg5 Be7 8. Bc4 O-O 9. a4 Nc6 10. O-O Be6 11. Be2 h6
12. Bxf6 Bxf6 13. Nd5 Bxd5 14. Qxd5 Qc7 15. c3 Ne7 16. Qc4 Qb6 17. b4 Rac8 18.
Qd3 Rfd8 19. a5 Qc7 20. Rac1 Ng6 21. g3 h5 22. h3 h4 23. Nh2 hxg3 24. fxg3 Bg5
25. Rc2 b5 26. Bg4 Qa7+ 27. Kg2 Rc7 28. h4 Bxh4 29. gxh4 Nxh4+ 30. Kg3 Ng6 31.
Bh5 Nf4 32. Rxf4 exf4+ 33. Kxf4 g6 34. Qg3 Kh7 35. Rg2 Rg8 36. Ng4 g5+ 37. Kf5
Rg7 38. Nf6+ Kh6 39. Bxf7 Rgxf7 40. Qxg5# 1-0

[Event "18e tournoi de Noël"]
[Site "Montigny le Bretonneux"]
[Date "2017.12.29"]
[Round "6.1"]
[White "Plantet, Marc"]
[Black "Conq, Alain"]
[Result "1/2-1/2"]
[WhiteElo "1774"]
[BlackElo "1790"]
[Annotator "Rivier,Sylvain"]
[PlyCount "124"]
[EventDate "2017.??.??"]

{Défense sicilienne, variante O'Kelly} 1. e4 c5 2. Nf3 a6 3. d4 cxd4 4. Nxd4
Nf6 5. Bd3 e5 6. Nf3 d5 7. Bg5 Qa5+ 8. Qd2 Qxd2+ 9. Nbxd2 Nxe4 10. Nxe4 dxe4
11. Bxe4 f6 12. Be3 Nd7 13. O-O Nc5 14. Bd5 Be6 15. Bxc5 Bxd5 16. Bxf8 Rxf8 17.
Nd2 Rc8 18. Rac1 b5 19. Rfe1 Kf7 20. Re3 b4 21. Rd3 Rfd8 22. Nf1 Be6 23. Rxd8
Rxd8 24. f3 a5 25. a3 bxa3 26. bxa3 Rc8 27. c3 Rb8 28. c4 Rb3 29. c5 Rxa3 30.
c6 Ke7 31. c7 Bc8 32. Nd2 Kd7 33. Nc4 Rb3 34. Nxa5 Rb5 35. Nc6 Rb7 36. Nb8+ Kd6
37. Rc6+ Kd5 38. Kf2 Rb5 39. Ra6 Rc5 40. Ra7 Kd6 41. Na6 Bxa6 42. Rxa6+ Kd7 43.
Ra8 Rxc7 44. Rh8 h6 45. h4 Ke6 46. Kg3 f5 47. Re8+ Re7 48. Ra8 Kf6 49. Rf8+ Rf7
50. Ra8 Kg6 51. Ra6+ Rf6 52. Ra7 f4+ 53. Kf2 Rb6 54. g4 fxg3+ 55. Kxg3 h5 56.
Ra8 Kf5 57. Rf8+ Rf6 58. Rh8 g6 59. Re8 Rd6 60. Rf8+ Ke6 61. Re8+ Kf5 62. Rf8+
Rf6 1/2-1/2

[Event "18e tournoi de Noël"]
[Site "Montigny le Bretonneux"]
[Date "2017.12.29"]
[Round "6.2"]
[White "Delmas-Goyon, Francois"]
[Black "Divies, Renaud"]
[Result "0-1"]
[WhiteElo "1902"]
[BlackElo "1986"]
[Annotator "Rivier,Sylvain"]
[PlyCount "124"]
[EventDate "2017.??.??"]

{Défense sicilienne} 1. e4 c5 2. Nf3 e6 3. c4 d5 4. cxd5 exd5 5. Bb5+ Bd7 6.
Qe2 dxe4 7. Bxd7+ Nxd7 8. Qxe4+ Qe7 9. Nc3 O-O-O 10. O-O Qxe4 11. Nxe4 h6 12.
d4 f5 13. Nxc5 Nxc5 14. dxc5 Bxc5 15. Ne5 Rh7 16. Bf4 g5 17. Rac1 Rc7 18. Nd3
Bxf2+ 19. Kxf2 gxf4 20. Rxc7+ Kxc7 21. Rc1+ Kb8 22. Ne5 Nf6 23. Kf3 Rd2 24.
Kxf4 Rf2+ 25. Nf3 Rxg2 26. Kxf5 Nd5 27. h4 Ne7+ 28. Ke6 Nc6 29. Rc3 Rxb2 30. a3
Rf2 31. Kd6 Rg2 32. Kd7 Rg7+ 33. Ke6 Rg3 34. Kd5 a6 35. Rb3 Ka7 36. Nd4 Rg6 37.
Nxc6+ Rxc6 38. Rg3 Kb6 39. Rb3+ Kc7 40. Rg3 Rb6 41. Rg7+ Kb8 42. Rg4 Ka7 43. a4
a5 44. Kc5 Ka6 45. h5 Rc6+ 46. Kd5 Rc1 47. Rg6+ b6 48. Rxh6 Ra1 49. Rh8 Rxa4
50. Ra8+ Kb5 51. Rg8 Rh4 52. Rg5 a4 53. Kd6+ Ka6 54. Ke6 b5 55. Kf7 a3 56. Rg8
Ka5 57. Ra8+ Kb4 58. Kg6 Kb3 59. h6 b4 60. h7 a2 61. Ra5 Rxh7 62. Kxh7 Kb2 0-1

[Event "18e tournoi de Noël"]
[Site "Montigny le Bretonneux"]
[Date "2017.12.29"]
[Round "6.3"]
[White "Drouot, Frederic"]
[Black "Verat-Fayolle, Celian"]
[Result "1-0"]
[WhiteElo "1919"]
[BlackElo "1710"]
[Annotator "Rivier,Sylvain"]
[PlyCount "45"]
[EventDate "2017.??.??"]

{Ouverture anglaise, système hollandais} 1. c4 e5 2. Nc3 Nc6 3. Nf3 f5 4. e4
Nf6 5. d3 Bb4 6. Bd2 O-O 7. a3 Bxc3 8. Bxc3 fxe4 9. dxe4 Kh8 10. Qd3 d6 11. Be2
Qe8 12. Nd2 Be6 13. O-O Ne7 14. f4 exf4 15. Rxf4 Qg6 16. Raf1 Nc6 17. Nf3 Ng4
18. Nh4 Qe8 19. Rxf8+ Qxf8 20. Rxf8+ Rxf8 21. Bxg4 Bxg4 22. Qg3 Be2 23. Qxg7#
1-0

[Event "18e tournoi de Noël"]
[Site "Montigny le Bretonneux"]
[Date "2017.12.29"]
[Round "6.4"]
[White "Appavou, Calixte"]
[Black "Artieres, Michel"]
[Result "1/2-1/2"]
[WhiteElo "1896"]
[BlackElo "1763"]
[Annotator "Rivier,Sylvain"]
[PlyCount "93"]
[EventDate "2017.??.??"]

{Défense Alekhine, variante des quatre pions} 1. e4 Nf6 2. e5 Nd5 3. d4 d6 4.
c4 Nb6 5. exd6 exd6 6. d5 Be7 7. Bd3 N8d7 8. Nf3 Bf6 9. O-O O-O 10. Nbd2 Nc5
11. Be2 Nba4 12. Nb3 Nxb2 13. Bxb2 Bxb2 14. Rb1 Bf6 15. Nxc5 dxc5 16. Bd3 b6
17. h3 Qd6 18. Nd2 Bd4 19. Nf3 Qf6 20. Qc2 g6 21. Be4 Rb8 22. Rbd1 Be5 23. Nxe5
Qxe5 24. f4 Qd6 25. f5 Bd7 26. Rd3 b5 27. Rdf3 bxc4 28. Qd2 Qe5 29. Qh6 Qg7 30.
Qf4 g5 31. Qxc7 Qd4+ 32. Kh1 Qxe4 33. Qxd7 Rfd8 34. Qxa7 Qxd5 35. Qe7 h6 36.
Qe2 Re8 37. Qc2 Qe4 38. Rc1 Qxc2 39. Rxc2 Rb4 40. f6 Re5 41. g4 Kh7 42. Kg2 Rd5
43. Rf5 Rd4 44. Rxc5 Kg6 45. Rc6 Rf4 46. Kg3 Rxf6 47. R6xc4 1/2-1/2

[Event "18e tournoi de Noël"]
[Site "Montigny le Bretonneux"]
[Date "2017.12.29"]
[Round "6.5"]
[White "Guedira, Aimen"]
[Black "Benbakir, Chouaib"]
[Result "1-0"]
[WhiteElo "1804"]
[BlackElo "1817"]
[Annotator "Rivier,Sylvain"]
[PlyCount "79"]
[EventDate "2017.??.??"]

{Défense Pirc, attaque autrichienne} 1. e4 d6 2. d4 Nf6 3. Nc3 g6 4. f4 Bg7 5.
Nf3 O-O 6. Bd3 Nc6 7. O-O e5 8. fxe5 dxe5 9. d5 Ne7 10. Bg5 Ne8 11. Qe1 f6 12.
Be3 Nd6 13. Rd1 f5 14. Bg5 h6 15. Bh4 f4 16. Kh1 g5 17. Bf2 Ng6 18. Na4 Bf6 19.
c4 g4 20. Nd2 h5 21. c5 Nf7 22. Bc4 Kg7 23. Bb3 Rh8 24. d6 c6 25. Nc4 Bh4 26.
d7 Bxd7 27. Bxh4 Nxh4 28. Rxd7 Qxd7 29. Qxh4 Qd8 30. Qf2 Qe7 31. Nc3 Rad8 32.
Ne3 Nh6 33. Nf5+ Nxf5 34. exf5 Rd4 35. Qe1 Qxc5 36. Qh4 Qd6 37. Qg5+ Kf8 38.
Be6 Qe7 39. f6 Qh7 40. Qxe5 1-0

[Event "18e tournoi de Noël"]
[Site "Montigny le Bretonneux"]
[Date "2017.12.29"]
[Round "6.7"]
[White "Rouast, Joseph"]
[Black "Boet, Luc"]
[Result "1/2-1/2"]
[WhiteElo "1411"]
[BlackElo "1512"]
[Annotator "Rivier,Sylvain"]
[PlyCount "100"]
[EventDate "2017.??.??"]

{Gambit dame, défense slave} 1. d4 d5 2. c4 c6 3. Nf3 Nf6 4. Nc3 a6 5. cxd5
cxd5 6. Bg5 e6 7. e3 Nbd7 8. Bd3 h6 9. Bxf6 Nxf6 10. O-O Be7 11. Rc1 O-O 12.
Qd2 b5 13. Rfd1 Bb4 14. a3 Ba5 15. b4 Bb6 16. Rc2 Bb7 17. Rdc1 Ne4 18. Bxe4
dxe4 19. Ne1 Qf6 20. a4 bxa4 21. Nxa4 Bd8 22. Nc5 Bc6 23. Rc3 Qg6 24. Nxa6 Bd5
25. Nc5 Be7 26. R3c2 Bd6 27. g3 f5 28. Ng2 Qg4 29. Qe2 Qg6 30. Nf4 Bxf4 31.
exf4 h5 32. Nd7 Rfd8 33. Ne5 Qe8 34. h4 Ra3 35. Nc4 Rf3 36. Rc3 Ra8 37. Nb6 Ra2
38. Qxa2 Bxa2 39. Rc8 Qxc8 40. Rxc8+ Kf7 41. Nc4 Rb3 42. Ne5+ Ke7 43. Rc1 e3
44. fxe3 Rxe3 45. Kf2 Re4 46. Re1 Rxe1 47. Kxe1 Kd6 48. Kd2 Bd5 49. Ke3 Bc4 50.
Nd3 Bb5 1/2-1/2

[Event "18e tournoi de Noël"]
[Site "Montigny le Bretonneux"]
[Date "2017.12.29"]
[Round "6.8"]
[White "Grandjean, Anthony"]
[Black "Tanchoux, Pierre"]
[Result "1-0"]
[WhiteElo "1687"]
[BlackElo "1279"]
[Annotator "Rivier,Sylvain"]
[PlyCount "45"]
[EventDate "2017.??.??"]

{Défense sicilienne, système fermé} 1. e4 c5 2. Nc3 d6 3. Bb5+ Bd7 4. Bxd7+
Qxd7 5. f4 e6 6. Nf3 Nf6 7. d3 Nc6 8. O-O Be7 9. Qe1 O-O 10. Qg3 Nd4 11. Nxd4
cxd4 12. Ne2 Rac8 13. Nxd4 Qc7 14. c3 Qb6 15. Kh1 Rfd8 16. Nb3 Qc7 17. e5 Nd7
18. d4 d5 19. f5 Qc4 20. Bh6 Bf8 21. Bxg7 Bxg7 22. f6 Kh8 23. Qxg7# 1-0

[Event "18e tournoi de Noël"]
[Site "Montigny le Bretonneux"]
[Date "2017.12.29"]
[Round "6.9"]
[White "Benbakir, Ameur"]
[Black "Baltzer, Jean-Marc"]
[Result "1-0"]
[WhiteElo "1524"]
[BlackElo "1356"]
[Annotator "Rivier,Sylvain"]
[PlyCount "143"]
[EventDate "2017.??.??"]

{Défense Alekhine, variante de chasse} 1. e4 Nf6 2. Bc4 e6 3. Nc3 d5 4. exd5
exd5 5. Bb3 c6 6. d4 Bd6 7. Nf3 Bg4 8. h3 Bxf3 9. Qxf3 O-O 10. O-O Re8 11. Bg5
Nbd7 12. Rfe1 Qc7 13. Rad1 Re6 14. Re3 Rae8 15. Rde1 Rxe3 16. Rxe3 Rxe3 17.
Bxe3 h6 18. Nb1 Nf8 19. c3 Ng6 20. g3 Qd7 21. Kg2 Qe7 22. Bc2 Ne4 23. Nd2 Ng5
24. Qf5 Ne6 25. h4 Qf6 26. Qxf6 gxf6 27. Bxh6 Kh7 28. Be3 Kg7 29. Nf1 Ne7 30.
Bd2 f5 31. f4 Kf6 32. Ne3 Ng7 33. Kf3 Bc7 34. b4 a6 35. a3 a5 36. c4 dxc4 37.
Nxc4 axb4 38. axb4 b5 39. Ne5 Ke6 40. Bb3+ Nd5 41. Nxc6 Kd6 42. Ne5 f6 43. Nd3
Bb6 44. Nc5 Kc6 45. g4 fxg4+ 46. Kxg4 Ne7 47. h5 Ngf5 48. Bc3 Nh6+ 49. Kf3 Bc7
50. Ke3 Nef5+ 51. Kf3 Kd6 52. Ne4+ Ke7 53. Nc5 Ng7 54. Bd1 Nxh5 55. Be2 Nxf4
56. Bxb5 Nd5 57. Bd2 Nf7 58. Ke4 Nb6 59. Bf1 Nd6+ 60. Kd3 Ndc4 61. Be1 Nd6 62.
Bg3 Nd5 63. Be1 Nf5 64. Bd2 Bg3 65. Ke4 Nxd4 66. Kxd4 Nb6 67. Ke4 Be5 68. Be3
Kd6 69. Nb7+ Kc6 70. Nd8+ Kd7 71. Bxb6 Bc3 72. Bb5+ 1-0

[Event "18e tournoi de Noël"]
[Site "Montigny le Bretonneux"]
[Date "2017.12.29"]
[Round "6.10"]
[White "Jen, Jin-Xian-Koki"]
[Black "Fayolle, Guy"]
[Result "0-1"]
[WhiteElo "1169"]
[BlackElo "1742"]
[Annotator "Rivier,Sylvain"]
[PlyCount "46"]
[EventDate "2017.??.??"]

{Partie des quatre cavaliers, variante écossaise} 1. e4 e5 2. Nf3 Nc6 3. Nc3
Bc5 4. d3 d6 5. Be2 Nf6 6. Bg5 Be6 7. O-O h6 8. Be3 Bb6 9. h3 Qd7 10. Qd2 g5
11. d4 exd4 12. Nxd4 O-O-O 13. Bb5 Bc5 14. Nxc6 bxc6 15. Ba6+ Kb8 16. a3 Bb6
17. b4 d5 18. Bc5 dxe4 19. Qe3 Qd2 20. Nxe4 Qxe3 21. Bxe3 Nxe4 22. c4 Bxe3 23.
fxe3 Nd2 0-1

[Event "18e tournoi de Noël"]
[Site "Montigny le Bretonneux"]
[Date "2017.12.29"]
[Round "6.11"]
[White "Belan, Guillaume"]
[Black "Barbier, Guy"]
[Result "1-0"]
[WhiteElo "1135"]
[BlackElo "1359"]
[Annotator "Rivier,Sylvain"]
[PlyCount "115"]
[EventDate "2017.??.??"]

{Gambit dame, défense semi-slave} 1. Nf3 Nf6 2. d4 d5 3. c4 e6 4. Nc3 Bb4 5.
Bd2 O-O 6. e3 c6 7. Bd3 Nbd7 8. O-O Nb6 9. c5 Nbd7 10. a3 Bxc3 11. Bxc3 Re8 12.
Qe2 b6 13. b4 Bb7 14. e4 dxe4 15. Bxe4 Nxe4 16. Qxe4 Nf6 17. Qe3 Nd5 18. Qd2
Ba6 19. Rfe1 Bc4 20. Ne5 Nxc3 21. Qxc3 Bd5 22. a4 f6 23. Nc4 Rf8 24. Nd6 f5 25.
b5 Rf6 26. Re3 f4 27. Re5 Rg6 28. f3 Qc7 29. a5 bxa5 30. Qxa5 Qxa5 31. Rxa5
cxb5 32. Nxb5 Bxf3 33. Kf2 Bd5 34. g3 fxg3+ 35. hxg3 Rf8+ 36. Ke2 Rxg3 37. Kd2
Bc4 38. Ke1 Rg2 39. Kd1 Bb3+ 40. Ke1 Bc4 41. Kd1 a6 42. Nc3 h6 43. Ra4 Rg1+ 44.
Re1 Rg4 45. Rxc4 Rd8 46. Ne2 e5 47. Kc2 exd4 48. Kd3 Rc8 49. Nxd4 Rg3+ 50. Re3
Rxe3+ 51. Kxe3 a5 52. c6 g5 53. Ra4 Ra8 54. c7 Rc8 55. Nb5 h5 56. Rxa5 h4 57.
Kf3 Kf7 58. Nd6+ 1-0

[Event "18e tournoi de Noël"]
[Site "Montigny le Bretonneux"]
[Date "2017.12.29"]
[Round "6.12"]
[White "Chaintreau, Thomas"]
[Black "Rayeh, Anas"]
[Result "1-0"]
[WhiteElo "1228"]
[BlackElo "1060"]
[Annotator "Rivier,Sylvain"]
[PlyCount "81"]
[EventDate "2017.??.??"]

{Ouverture anglaise, variante Nimzovitch} 1. c4 e5 2. e3 Bb4 3. a3 Ba5 4. b4 c6
5. bxa5 Nf6 6. d4 e4 7. Bd2 d6 8. Nc3 Bf5 9. Nge2 O-O 10. Ng3 Bg4 11. Be2 Nbd7
12. Bxg4 Nxg4 13. Qxg4 Nf6 14. Qd1 Qxa5 15. Ncxe4 Qd8 16. Nxf6+ Qxf6 17. O-O c5
18. Qf3 Qe7 19. Nf5 Qf6 20. e4 cxd4 21. Qg3 g6 22. Bg5 Qe6 23. Ne7+ Kg7 24. Qf4
f6 25. Bh6+ Kf7 26. Bxf8 Rxf8 27. Nd5 Kg8 28. Rad1 g5 29. Qf5 Qf7 30. Rxd4 Qh5
31. Nxf6+ Rxf6 32. Qxf6 Qf7 33. Qxf7+ Kxf7 34. Rxd6 g4 35. e5 h5 36. Rfd1 h4
37. e6+ Kf6 38. Re1 h3 39. e7+ Kf5 40. e8=Q hxg2 41. Qe5# 1-0

[Event "18e tournoi de Noël"]
[Site "Montigny le Bretonneux"]
[Date "2017.12.29"]
[Round "6.13"]
[White "Ferreira Da Silva, Jose Candido"]
[Black "Bouloc, Roger"]
[Result "0-1"]
[WhiteElo "1390"]
[BlackElo "1427"]
[Annotator "Rivier,Sylvain"]
[PlyCount "77"]
[EventDate "2017.??.??"]

{Défense scandinave} 1. e4 d5 2. exd5 Nf6 3. d4 Nxd5 4. Nf3 Bg4 5. Be2 e6 6.
O-O Be7 7. h3 Bh5 8. c4 Nf6 9. Nc3 O-O 10. Be3 Nbd7 11. Re1 Bb4 12. a3 Bxc3 13.
bxc3 b6 14. a4 Ne4 15. Qc2 Nef6 16. a5 Bg6 17. Bd3 Bxd3 18. Qxd3 Re8 19. Bf4 h6
20. Ne5 Nxe5 21. Rxe5 c5 22. Qg3 Kf8 23. axb6 axb6 24. Rxa8 Qxa8 25. dxc5 bxc5
26. Rxc5 Ne4 27. Bd6+ Kg8 28. Qe3 Nxd6 29. Qf4 Qb8 30. Rc6 Rd8 31. c5 Nb5 32.
Qxb8 Rxb8 33. Rb6 Rxb6 34. cxb6 Nd6 35. c4 Kf8 36. c5 Ke7 37. c6 Kd8 38. f4 f5
39. Kf2 {suite illisible} 0-1

[Event "18e tournoi de Noël"]
[Site "Montigny le Bretonneux"]
[Date "2017.12.29"]
[Round "6.14"]
[White "Montay, Jean-Paul"]
[Black "Chaintreau, Maxime"]
[Result "1-0"]
[WhiteElo "1360"]
[BlackElo "1097"]
[Annotator "Rivier,Sylvain"]
[PlyCount "85"]
[EventDate "2017.??.??"]

{Ouverture anglaise} 1. c4 e5 2. Nc3 Nf6 3. g3 Bb4 4. Nf3 e4 5. Nd4 c6 6. Bg2
d5 7. Qc2 Qe7 8. e3 Na6 9. a3 Ba5 10. O-O O-O 11. d3 exd3 12. Qxd3 Nc5 13. Qc2
Bxc3 14. Qxc3 Nfe4 15. Qc2 a5 16. f3 Ng5 17. Re1 Nh3+ 18. Kf1 Qf6 19. Bxh3
Bxh3+ 20. Kg1 Ne6 21. Qf2 c5 22. Ne2 Ng5 23. Nf4 dxc4 24. Bd2 Rad8 25. Bc3 Qc6
26. e4 Rd6 27. Rad1 Rxd1 28. Rxd1 f5 29. Rd5 h6 30. Rxc5 Qd7 31. Rd5 Qc6 32.
Rc5 Qa4 33. Rd5 fxe4 34. fxe4 Nxe4 35. Qe3 Nf6 36. Bxf6 Qc6 37. Qe5 gxf6 38.
Qh5 Qb6+ 39. Kh1 Bc8 40. Qg6+ Kh8 41. Qxh6+ Kg8 42. Qg6+ Kh8 43. Rh5# 1-0

[Event "18e tournoi de Noël"]
[Site "Montigny le Bretonneux"]
[Date "2017.12.29"]
[Round "6.15"]
[White "Boucher, Francis"]
[Black "Fruchard, Alois"]
[Result "0-1"]
[WhiteElo "1224"]
[BlackElo "1331"]
[Annotator "Rivier,Sylvain"]
[PlyCount "56"]
[EventDate "2017.??.??"]

{Défense est-indienne} 1. d4 Nf6 2. c4 g6 3. e3 Bg7 4. Nf3 d6 5. Nc3 Nbd7 6. b3
O-O 7. Bb2 c5 8. Be2 b6 9. O-O Bb7 10. d5 Qc7 11. Qc2 e6 12. e4 exd5 13. exd5
Rfe8 14. Rfe1 a6 15. a4 Re7 16. Bd3 Rae8 17. Rxe7 Rxe7 18. Ne4 Nxe4 19. Bxg7
Kxg7 20. Bxe4 Nf6 21. Re1 Nxe4 22. Rxe4 Bc8 23. Qe2 Rxe4 24. Qxe4 Bf5 25. Qe3
Qd8 26. Kf1 Qf6 27. Qf4 Bd3+ 28. Ke1 Qxf4 0-1

[Event "18e tournoi de Noël"]
[Site "Montigny le Bretonneux"]
[Date "2017.12.29"]
[Round "6.6"]
[White "Toussaint, Antoine"]
[Black "Belan, Pascal"]
[Result "1-0"]
[WhiteElo "1761"]
[BlackElo "1493"]
[Annotator "Rivier,Sylvain"]
[PlyCount "65"]
[EventDate "2017.??.??"]

{Défense Pirc, attaque autrichienne} 1. e4 d6 2. d4 Nf6 3. Nc3 g6 4. f4 Bg7 5.
Nf3 c5 6. Bb5+ Bd7 7. e5 Ng4 8. e6 Bxb5 9. exf7+ Kd7 10. Nxb5 Qa5+ 11. Nc3 cxd4
12. Nxd4 Bxd4 13. Qxd4 Nc6 14. Qd1 Nf6 15. O-O Raf8 16. a3 Qf5 17. b4 Rxf7 18.
Bb2 a6 19. h3 h5 20. Ne2 h4 21. c4 Kc8 22. Nd4 Qd7 23. b5 Nxd4 24. Bxd4 axb5
25. Qd2 Qc6 26. cxb5 Qxb5 27. Rab1 Qa6 28. Rfc1+ Kd7 29. Bb6 Rff8 30. Rc7+ Ke8
31. Qa2 Qd3 32. Qe6 Qxb1+ 33. Kh2 1-0

[Event "18e tournoi de Noël"]
[Site "Montigny le Bretonneux"]
[Date "2017.12.30"]
[Round "7.1"]
[White "Divies, Renaud"]
[Black "Plantet, Marc"]
[Result "1-0"]
[WhiteElo "1986"]
[BlackElo "1774"]
[Annotator "Rivier,Sylvain"]
[PlyCount "43"]
[EventDate "2017.??.??"]

{Défense Caro-Kann, variante d'avance} 1. e4 c6 2. d4 d5 3. e5 c5 4. Ne2 Nc6 5.
f4 Nh6 6. c3 Bg4 7. dxc5 e6 8. Be3 Nf5 9. Bf2 d4 10. cxd4 Bxe2 11. Bxe2 Nfxd4
12. O-O Bxc5 13. Bd3 Qb6 14. Nc3 Qxb2 15. Na4 Qa3 16. Nxc5 Qxc5 17. Qb1 Qe7 18.
Be4 Ne2+ 19. Kh1 Nb4 20. Be1 f5 21. Bxb4 Qh4 22. Be1 1-0

[Event "18e tournoi de NoÃ«l"]
[Site "Montigny le Bretonneux"]
[Date "2017.12.30"]
[Round "7.2"]
[White "Conq, Alain"]
[Black "Drouot, Frederic"]
[Result "1/2-1/2"]
[WhiteElo "1790"]
[BlackElo "1919"]
[Annotator "Rivier,Sylvain"]
[PlyCount "183"]
[EventDate "2017.??.??"]

{DÃ©fense ouest-indienne} 1. d4 Nf6 2. c4 e6 3. Nf3 Bb4+ 4. Nbd2 b6 5. a3 Bxd2+
6. Qxd2 Bb7 7. e3 O-O 8. Bd3 d6 9. Qc2 Nbd7 10. e4 e5 11. d5 c6 12. O-O Qc7 13.
Be3 Rac8 14. Rac1 cxd5 15. cxd5 Qxc2 16. Rxc2 Rxc2 17. Bxc2 Rc8 18. Rc1 Nc5 19.
Bxc5 Rxc5 20. Nd2 Kf8 21. Nb3 Rxc2 22. Rxc2 Nxe4 23. Nd2 Nc5 24. Nc4 Ke7 25.
Ne3 g6 26. b4 Na6 27. g4 Kd7 28. g5 Nc7 29. Rd2 Nb5 30. a4 Nc3 31. Rd3 Nxa4 32.
Ng4 b5 33. Nf6+ Ke7 34. Rh3 Nb6 35. Rxh7 Nxd5 36. Ng8+ Ke8 37. Nh6 Ne7 38. Nxf7
Kd7 39. Rh8 Bd5 40. Nh6 Nc6 41. Rh7+ Ke6 42. Rg7 Be4 43. f3 Bd3 44. Rc7 Nxb4
45. Rxa7 Nc6 46. Rc7 Nd4 47. Kf2 b4 48. Ke3 Bc2 49. f4 b3 50. Rb7 Nf5+ 51. Nxf5
Kxf5 52. fxe5 dxe5 53. Kd2 Kxg5 54. Rh7 Kg4 55. h3+ Kg3 56. Rh6 Kf3 57. Kc1 Kf4
58. h4 Kg4 59. Kb2 Kg3 60. Kc1 Kf2 61. h5 gxh5 62. Rxh5 e4 63. Rh2+ Ke3 64. Kb2
Kd3 65. Rh3+ e3 66. Kc1 Ke4 67. Rh4+ Kf3 68. Rh3+ Kf2 69. Rh2+ Kg3 70. Rh8 Kf2
71. Rf8+ Ke1 72. Rf7 Ke2 73. Rf8 Bd3 74. Kb2 Bc2 75. Kc1 Be4 76. Kb2 Kd3 77.
Rd8+ Kc4 78. Re8 Kd4 79. Rd8+ Bd5 80. Re8 Kd3 81. Rd8 Ke4 82. Re8+ Kf3 83. Rf8+
Kg2 84. Re8 Kf2 85. Rf8+ Kg3 86. Rg8+ Kf4 87. Rf8+ Ke5 88. Re8+ Be6 89. Kc3 Kd6
90. Kd3 Kd7 91. Rb8 Kc7 92. Rxb3 1/2-1/2

[Event "18e tournoi de NoÃ«l"]
[Site "Montigny le Bretonneux"]
[Date "2017.12.30"]
[Round "7.3"]
[White "Appavou, Calixte"]
[Black "Guedira, Aimen"]
[Result "1/2-1/2"]
[WhiteElo "1896"]
[BlackElo "1804"]
[Annotator "Rivier,Sylvain"]
[PlyCount "129"]
[EventDate "2017.??.??"]

{DÃ©fense sicilienne, variante LÃ¶wenthal} 1. e4 c5 2. Nf3 Nc6 3. d4 cxd4 4.
Nxd4 Nf6 5. Nc3 e5 6. Nde2 Bb4 7. Bd2 d5 8. exd5 Nxd5 9. a3 Bxc3 10. Nxc3 O-O
11. Bc4 Be6 12. Bxd5 Bxd5 13. O-O Be6 14. Be3 Qh4 15. f4 f5 16. fxe5 Rad8 17.
Qe1 Qe7 18. Qg3 Qc7 19. Kh1 Qxe5 20. Bf4 Qc5 21. Rfe1 Bf7 22. h3 Rfe8 23. Rad1
Rxd1 24. Rxd1 Qb6 25. b4 Rd8 26. Rxd8+ Qxd8 27. Be5 Bg6 28. Bf4 a6 29. Qe3 Bf7
30. Bg5 Qd4 31. Kh2 h6 32. Ne2 Qd1 33. Qd2 Qa1 34. Bf4 Qxa3 35. c3 Qa2 36. Qxa2
Bxa2 37. h4 Ne7 38. Nd4 Kf7 39. Kg3 Kf6 40. Nf3 Bd5 41. Be5+ Kf7 42. Nd4 g5 43.
hxg5 hxg5 44. Kf2 Kg6 45. g3 Kh5 46. Bd6 Nc8 47. Nxf5 Be4 48. Ng7+ Kg6 49. Be5
Ne7 50. Ne8 Kf5 51. Bd4 Bc6 52. Nd6+ Ke6 53. Nc4 g4 54. Ne3 Bf3 55. c4 Nc6 56.
Bc3 Nd8 57. Nc2 Bc6 58. Ke2 Kf5 59. Nd4+ Kg5 60. b5 axb5 61. cxb5 Bd5 62. Ba5
Nf7 63. Bc7 Kf6 64. Ke3 Nh6 65. Bd8+ 1/2-1/2

[Event "18e tournoi de Noël"]
[Site "Montigny le Bretonneux"]
[Date "2017.12.30"]
[Round "7.4"]
[White "Artieres, Michel"]
[Black "Toussaint, Antoine"]
[Result "0-1"]
[WhiteElo "1763"]
[BlackElo "1761"]
[Annotator "Rivier,Sylvain"]
[PlyCount "65"]
[EventDate "2017.??.??"]

{Défense sicilienne, variante Scheveningue} 1. e4 c5 2. Nf3 d6 3. d4 cxd4 4.
Nxd4 Nf6 5. Nc3 a6 6. Be3 e6 7. Be2 b5 8. a3 Nbd7 9. g4 Nb6 10. g5 Nfd7 11. f4
Bb7 12. Rf1 Nc5 13. Ndxb5 axb5 14. Bxb5+ Nbd7 15. Bxc5 dxc5 16. Qe2 Qc7 17. f5
O-O-O 18. fxe6 Ne5 19. exf7 Nxf7 20. Bc4 Ne5 21. Be6+ Kb8 22. Nd5 Qa5+ 23. Kf2
Ba6 24. Qe3 Bxf1 25. Kxf1 Qa6+ 26. Kg1 Qxe6 27. Qb3+ Ka7 28. c4 Rb8 29. Qc2
Qg4+ 30. Kh1 Qf3+ 31. Kg1 Qb3 32. Qe2 Qxb2 33. Qe1 0-1

[Event "18e tournoi de Noël"]
[Site "Montigny le Bretonneux"]
[Date "2017.12.30"]
[Round "7.5"]
[White "Boet, Luc"]
[Black "Delmas-Goyon, Francois"]
[Result "0-1"]
[WhiteElo "1512"]
[BlackElo "1902"]
[Annotator "Rivier,Sylvain"]
[PlyCount "78"]
[EventDate "2017.??.??"]

{Défense sicilienne} 1. e4 c5 2. Nf3 d6 3. d4 cxd4 4. Nxd4 Nf6 5. f3 a6 6. c4
g6 7. Nc3 Bg7 8. Be3 Bd7 9. Be2 Nc6 10. Nb3 O-O 11. O-O Na5 12. Rb1 Nxb3 13.
axb3 Bc6 14. Qd2 Rb8 15. Ra1 Nd7 16. b4 Nf6 17. Nd5 Bxd5 18. exd5 Nd7 19. Ra2
Rc8 20. b3 Qc7 21. Rc1 Qb8 22. Rac2 b6 23. f4 a5 24. b5 Rcd8 25. Bf3 Rfe8 26.
Qf2 Nc5 27. Bxc5 dxc5 28. Kh1 Qxf4 29. g3 Qc7 30. Rf1 e5 31. dxe6 Rxe6 32. Bd5
Rf6 33. Qxf6 Bxf6 34. Rxf6 Rxd5 35. cxd5 Qe5 36. Rcf2 Qxd5+ 37. R2f3 h5 38. Kg2
g5 39. Rxb6 g4 0-1

[Event "18e tournoi de Noël"]
[Site "Montigny le Bretonneux"]
[Date "2017.12.30"]
[Round "7.6"]
[White "Benbakir, Chouaib"]
[Black "Grandjean, Anthony"]
[Result "1-0"]
[WhiteElo "1817"]
[BlackElo "1687"]
[Annotator "Rivier,Sylvain"]
[PlyCount "39"]
[EventDate "2017.??.??"]

{Défense Caro-Kann, variante d'avance} 1. e4 c6 2. d4 d5 3. Nd2 g6 4. Ngf3 Bg4
5. c3 Bg7 6. h3 Bxf3 7. Qxf3 e6 8. Bd3 Nd7 9. Qe2 Ne7 10. O-O c5 11. dxc5 Nxc5
12. Bb5+ Nd7 13. exd5 Nxd5 14. Ne4 O-O 15. Rd1 Qc7 16. Bxd7 Rad8 17. Ba4 f5 18.
Ng5 Nxc3 19. Qxe6+ Kh8 20. Rxd8 1-0